000 01447nam a2200349Ia 4500
001 51170
005 20230411090005.0
008 071008s2006 dr a 000 0 spa d
035 _a(OCoLC)ocn173830202
040 _aCLU
_cCLU
020 _a9993430986
020 _a9789993430988
035 _a(OCoLC)173830202
043 _anwdr---
090 _aF1937.6.R63
_bR696c 2006
049 _aGRAL
100 1 _aRodríguez Demorizi, Emilio,
_d1908-1986.
245 1 0 _aCartas a Silveria /
_cEmilio Rodríguez Demorizi.
260 _aSanto Domingo :
_bBanco Central de la República Dominicana,
_cc2006.
300 _a179 p. :
_bill. ;
_c23 cm.
490 1 _aColección del Banco Central de la Repâublica Dominicana, Departamento Cultural ;
_vv. 90.
_aSerie Arte y Literatura ;
_vno. 36
600 1 0 _aRodríguez Demorizi, Emilio,
_d1908-1986
_vCorrespondence.
600 1 0 _aRodríguez Demorizi, Silveria
_vCorrespondence.
650 0 _aHistorians
_zDominican Republic
_vCorrespondence.
650 0 _aAuthors, Dominican
_y20th century
_vCorrespondence.
710 2 _aBanco Central de la República Dominicana.
_bDepartamento Cultural.
830 0 _aColección del Banco Central de la República Dominicana, Departamento Cultural ;
_vv. 90.
830 0 _aColección del Banco Central de la República Dominicana, Departamento Cultural.
_pSerie Arte y literatura ;
_vno. 36.
942 _2lcc
_cbk
994 _aC0
_bDRFGD
946 _acsexposito
999 _c110532
_d110532